[Event "Women's Speed Chess Q1"]
[Site "chess.com INT"]
[Date "2020.06.18"]
[Round "9"]
[White "Mamedjarova, Turkan"]
[Black "Mammadova, Gulnar"]
[Result "1-0"]
[WhiteTitle "WGM"]
[BlackTitle "IM"]
[WhiteElo "2309"]
[BlackElo "2382"]
[WhiteFideId "13402005"]
[BlackFideId "13403508"]
[EventDate "2020.06.18"]

1. d4 e6 2. c4 f5 3. Nc3 Nf6 4. Qc2 Bb4 5. Nf3 b6 6. g3 Bb7 7. Bg2 O-O 8. O-O
Bxc3 9. Qxc3 d6 10. a3 Nbd7 11. b4 c5 12. bxc5 bxc5 13. Ng5 Bxg2 14. Kxg2 cxd4
15. Qxd4 Ne5 16. Nxe6 Qd7 17. Nxf8 Rxf8 18. Bf4 Qc6+ 19. f3 Qxc4 20. Bxe5 1-0

[Event "Women's Speed Chess Q1"]
[Site "chess.com INT"]
[Date "2020.06.18"]
[Round "9"]
[White "Smietanska, Wiktoria"]
[Black "Efimenko, Maria"]
[Result "0-1"]
[WhiteTitle "CM"]
[BlackTitle "WIM"]
[WhiteElo "1593"]
[BlackElo "2245"]
[WhiteFideId "21869359"]
[BlackFideId "14124327"]
[EventDate "2020.06.18"]

1. c4 e5 2. Nc3 d6 3. g3 g6 4. Bg2 Bg7 5. d3 Ne7 6. e4 O-O 7. Nge2 c6 8. O-O Be6
9. h3 d5 10. cxd5 cxd5 11. f4 d4 12. Nb1 Nbc6 13. g4 f5 14. exf5 gxf5 15. g5 Bd5
16. h4 Bxg2 17. Kxg2 Qd5+ 18. Kg3 e4 19. dxe4 fxe4 20. Qb3 Nf5+ 21. Kh2 Qxb3 22.
axb3 d3 23. Nec3 e3 24. Nd5 d2 25. Bxd2 exd2 26. Nxd2 Rad8 27. Nf3 Rxd5 28. Rfd1
Rfd8 29. Rxd5 Rxd5 30. Re1 Bxb2 31. h5 Kf7 32. h6 Rd3 33. Ne5+ Nxe5 34. fxe5 Re3
35. g6+ hxg6 36. h7 Bxe5+ 37. Kg2 Rxe1 0-1

[Event "Women's Speed Chess Q1"]
[Site "chess.com INT"]
[Date "2020.06.18"]
[Round "9"]
[White "Jakubowska, Anna"]
[Black "Sharmin, Samiha Shimmi"]
[Result "1-0"]
[WhiteTitle "WIM"]
[BlackTitle "WCM"]
[WhiteElo "2073"]
[BlackElo "1812"]
[WhiteFideId "1121952"]
[BlackFideId "10203087"]
[EventDate "2020.06.18"]

1. e4 d5 2. exd5 Qxd5 3. Nc3 Qd6 4. d4 Nf6 5. Bc4 a6 6. Bb3 Bg4 7. f3 Bf5 8.
Nge2 Nc6 9. Bf4 Qd7 10. d5 Na5 11. Ba4 b5 12. Bb3 Nh5 13. Be3 Bg6 14. O-O e6 15.
dxe6 fxe6 16. Qxd7+ Kxd7 17. Rad1+ Bd6 18. Ne4 Nxb3 19. axb3 Bxe4 20. fxe4 Ke7
21. Nd4 Raf8 22. Rxf8 Rxf8 23. e5 Bc5 24. Nc6+ 1-0

[Event "Women's Speed Chess Q1"]
[Site "chess.com INT"]
[Date "2020.06.18"]
[Round "9"]
[White "Mohota, Nisha"]
[Black "Singgih, Diajeng Theresa"]
[Result "1-0"]
[WhiteTitle "IM"]
[BlackTitle "WFM"]
[WhiteElo "2195"]
[BlackElo "1972"]
[WhiteFideId "5004330"]
[BlackFideId "7104391"]
[EventDate "2020.06.18"]

1. d4 d5 2. c4 e6 3. Nc3 dxc4 4. e4 Bb4 5. Bxc4 Nf6 6. Qd3 O-O 7. Nf3 c6 8. a4
a6 9. O-O b5 10. axb5 cxb5 11. Bxb5 Bxc3 12. bxc3 Bb7 13. Ba4 Nxe4 14. Bc2 Nd7
15. Rb1 Bc6 16. Bf4 Ndf6 17. Ne5 Bb5 18. c4 Be8 19. Rfe1 Nd6 20. Bg5 Nf5 21. g4
Nxd4 22. Bxf6 Nf3+ 23. Qxf3 Qxf6 24. Qxa8 Ba4 25. Rb8 Rxb8 26. Qxb8+ Qd8 27.
Qxd8+ Be8 28. Qxe8# 1-0

[Event "Women's Speed Chess Q1"]
[Site "chess.com INT"]
[Date "2020.06.18"]
[Round "9"]
[White "Enkhtuul, Altan-Ulzii"]
[Black "Ouellet, Maili-Jade"]
[Result "1-0"]
[WhiteTitle "WGM"]
[BlackTitle "WGM"]
[WhiteElo "2228"]
[BlackElo "2257"]
[WhiteFideId "4901444"]
[BlackFideId "2620472"]
[EventDate "2020.06.18"]

1. b4 e6 2. Bb2 Nf6 3. b5 Be7 4. c4 c6 5. a4 d5 6. e3 O-O 7. Nf3 Nbd7 8. Be2 Qc7
9. d4 Ne4 10. O-O f5 11. Nbd2 Bf6 12. Rc1 g5 13. Qb3 Qa5 14. Nxe4 fxe4 15. Ne5
Bxe5 16. dxe5 Nc5 17. Qa3 Nd7 18. Bg4 Nb6 19. cxd5 exd5 20. e6 Re8 21. Qd6 Nxa4
22. Qe5 Nxb2 23. Qxg5+ Kh8 24. Qf6+ Kg8 25. Qf7+ Kh8 26. Qxe8+ Kg7 27. Qf7+ Kh6
28. Qf6# 1-0

[Event "Women's Speed Chess Q1"]
[Site "chess.com INT"]
[Date "2020.06.18"]
[Round "9"]
[White "Mkrtchian, Lilit"]
[Black "Berzina, Ilze"]
[Result "1-0"]
[WhiteTitle "IM"]
[BlackTitle "WGM"]
[WhiteElo "2388"]
[BlackElo "2192"]
[WhiteFideId "13300601"]
[BlackFideId "11601345"]
[EventDate "2020.06.18"]

1. d4 d5 2. c4 c6 3. Nf3 Nf6 4. e3 Bf5 5. Nc3 e6 6. Nh4 Be4 7. f3 Bg6 8. Qb3 Qc7
9. Bd2 Be7 10. cxd5 exd5 11. Nxg6 hxg6 12. e4 dxe4 13. fxe4 Nbd7 14. Bc4 O-O-O
15. Bxf7 Rxh2 16. O-O-O Rxg2 17. Rhg1 Rxg1 18. Rxg1 Qh2 19. Re1 Nc5 20. Qc4 b5
21. Qe2 Rxd4 22. Qxh2 1-0

[Event "Women's Speed Chess Q1"]
[Site "chess.com INT"]
[Date "2020.06.18"]
[Round "9"]
[White "Voit, Daria"]
[Black "Mammadzada, Gunay"]
[Result "0-1"]
[WhiteTitle "WGM"]
[BlackTitle "IM"]
[WhiteElo "2343"]
[BlackElo "2443"]
[WhiteFideId "4182146"]
[BlackFideId "13403729"]
[EventDate "2020.06.18"]

1. d4 Nf6 2. Nf3 d5 3. c4 c6 4. Qc2 g6 5. Bf4 Bg7 6. e3 O-O 7. Nc3 c5 8. dxc5
Qa5 9. cxd5 Nxd5 10. Be5 Nd7 11. Bxg7 Kxg7 12. Rc1 Nxc5 13. Bc4 Bf5 14. Qd2 Nb4
15. O-O Rad8 16. Nd4 Bd3 17. Bxd3 Nbxd3 18. Rcd1 e5 19. Nf3 Qb6 20. b3 e4 21.
Nd4 Rfe8 22. Rb1 f5 23. b4 Ne6 24. Nce2 Nxd4 25. Nxd4 f4 26. Qc3 Qf6 27. Qxd3
exd3 0-1

[Event "Women's Speed Chess Q1"]
[Site "chess.com INT"]
[Date "2020.06.18"]
[Round "9"]
[White "Kubicka, Anna"]
[Black "Papp, Petra"]
[Result "0-1"]
[WhiteTitle "WIM"]
[BlackTitle "WGM"]
[WhiteElo "2256"]
[BlackElo "2338"]
[WhiteFideId "1152254"]
[BlackFideId "739049"]
[EventDate "2020.06.18"]

1. e4 c6 2. d4 d5 3. e5 c5 4. dxc5 e6 5. Be3 Nd7 6. Bb5 Qc7 7. Nf3 Bxc5 8. Bxc5
Qxc5 9. Nc3 Ne7 10. O-O O-O 11. Re1 a6 12. Bd3 Ng6 13. Qd2 b5 14. a3 Rb8 15. h4
Qc7 16. Qe3 Qb6 17. Qg5 Ndxe5 18. Nxe5 f6 19. Qh5 fxe5 20. Bxg6 Qxf2+ 21. Kh1
hxg6 22. Qxg6 Qxh4+ 23. Kg1 Qf2+ 24. Kh1 Rf6 25. Qe8+ Kh7 26. Rxe5 Qh4+ 27. Kg1
Qd4+ 28. Kh1 Qxe5 29. Rd1 Rh6+ 30. Kg1 Qe3+ 0-1

[Event "Women's Speed Chess Q1"]
[Site "chess.com INT"]
[Date "2020.06.18"]
[Round "9"]
[White "Munoz Monroy, Cinthya Carolina"]
[Black "Kairbekova, Amina"]
[Result "0-1"]
[WhiteTitle "WFM"]
[BlackTitle "WFM"]
[WhiteElo "2007"]
[BlackElo "2065"]
[WhiteFideId "4407482"]
[BlackFideId "13712799"]
[EventDate "2020.06.18"]

1. e4 e6 2. d4 d5 3. e5 c5 4. c3 Nc6 5. Nf3 Bd7 6. Bd3 cxd4 7. cxd4 Rc8 8. O-O
Nb4 9. Nc3 Nxd3 10. Qxd3 Ne7 11. Bg5 h6 12. Bh4 g5 13. Nxg5 hxg5 14. Bxg5 Bg7
15. f4 Qb6 16. Bxe7 Kxe7 17. Kh1 Rh6 18. f5 Kd8 19. Qg3 Bf8 20. Rac1 Qxb2 21.
Qg5+ Ke8 22. fxe6 Bxe6 23. Na4 Rxc1 24. Rxc1 Rg6 25. Nxb2 Rxg5 26. Rc7 Rg4 27.
Rxb7 Rxd4 28. h3 Rb4 29. Rxb4 Bxb4 30. Nd3 Bc3 31. g4 d4 32. Kg2 Bxa2 33. Kf3
Bd5+ 34. Kf4 a5 35. h4 a4 36. h5 a3 37. h6 Bd2+ 38. Kf5 Bxh6 39. Nb4 d3 0-1

[Event "Women's Speed Chess Q1"]
[Site "chess.com INT"]
[Date "2020.06.18"]
[Round "9"]
[White "Tomilova, Elena"]
[Black "Shpanko, Nadiia"]
[Result "1-0"]
[WhiteTitle "WGM"]
[BlackTitle "WIM"]
[WhiteElo "2353"]
[BlackElo "2235"]
[WhiteFideId "4162340"]
[BlackFideId "14132400"]
[EventDate "2020.06.18"]

1. d4 Nf6 2. Bg5 d5 3. e3 Nbd7 4. Nd2 e5 5. dxe5 Nxe5 6. Ngf3 Ned7 7. c4 dxc4 8.
Bxc4 Be7 9. O-O O-O 10. Qc2 Nb6 11. Bb3 h6 12. Bf4 c6 13. Rfd1 Qe8 14. e4 Bg4
15. Re1 Bb4 16. Re3 Rd8 17. h3 Be6 18. a3 Bxd2 19. Nxd2 Qd7 20. Nf3 Qe7 21. Rae1
Nfd7 22. Nd4 Nc5 23. Nf5 Qf6 24. Qxc5 Qxb2 25. Rg3 Bxf5 26. Qxf5 Kh8 27. Be5 1-0

[Event "Women's Speed Chess Q1"]
[Site "chess.com INT"]
[Date "2020.06.18"]
[Round "9"]
[White "Pham, Le Thao Nguyen"]
[Black "Ushenina, Anna"]
[Result "0-1"]
[WhiteTitle "IM"]
[BlackTitle "GM"]
[WhiteElo "2366"]
[BlackElo "2416"]
[WhiteFideId "12401226"]
[BlackFideId "14110911"]
[EventDate "2020.06.18"]

1. d4 d5 2. Nf3 Nf6 3. g3 b5 4. Bg2 e6 5. O-O Bb7 6. c3 Nbd7 7. Bg5 Be7 8. Nbd2
O-O 9. Re1 c5 10. a3 a5 11. Ne5 Nxe5 12. dxe5 Nd7 13. Bxe7 Qxe7 14. f4 Rfd8 15.
e3 Nb6 16. Qe2 Bc6 17. Nf3 Rab8 18. h3 a4 19. Kh2 b4 20. cxb4 cxb4 21. Nd4 Bd7
22. Qf2 Nc4 23. Bf1 bxa3 24. bxa3 Nxa3 25. h4 Nc4 26. Bxc4 dxc4 27. Rec1 Rdc8
28. Rc3 Qb4 29. Qc2 Qb2 30. Kh3 Qxa1 0-1

[Event "Women's Speed Chess Q1"]
[Site "chess.com INT"]
[Date "2020.06.18"]
[Round "9"]
[White "Gunina, Valentina"]
[Black "Harika, Dronavalli"]
[Result "1-0"]
[WhiteTitle "GM"]
[BlackTitle "GM"]
[WhiteElo "2431"]
[BlackElo "2515"]
[WhiteFideId "4167570"]
[BlackFideId "5015197"]
[EventDate "2020.06.18"]

1. d4 Nf6 2. c4 d6 3. Nc3 e5 4. e3 Nbd7 5. Nf3 g6 6. Be2 Bg7 7. O-O O-O 8. b3
Re8 9. Bb2 c6 10. Qc2 e4 11. Nd2 Qe7 12. Rae1 Nf8 13. f3 exf3 14. Bxf3 Ng4 15.
Nd1 Bh6 16. Bxg4 Bxg4 17. Nf2 Bxe3 18. Kh1 Bf5 19. Qc3 Bxd2 20. Qxd2 Qh4 21. d5
c5 22. g3 Rxe1 23. Rxe1 Qd8 24. g4 Bc8 25. Qh6 f6 26. Ne4 Nd7 27. Ng5 Nf8 28.
Nxh7 Nxh7 29. Qxg6+ Kf8 30. Qxh7 Bd7 31. g5 Bg4 32. g6 Bf3+ 33. Kg1 Qc8 34. Qf7# 1-0

[Event "Women's Speed Chess Q1"]
[Site "chess.com INT"]
[Date "2020.06.18"]
[Round "9"]
[White "Kazarian, Anna-Maja"]
[Black "Munkhzul, Davaakhuu"]
[Result "1-0"]
[WhiteTitle "FM"]
[BlackTitle "WFM"]
[WhiteElo "2096"]
[BlackElo "1991"]
[WhiteFideId "1033689"]
[BlackFideId "4902815"]
[EventDate "2020.06.18"]

1. e4 e5 2. Nf3 Nc6 3. Bb5 a6 4. Ba4 Nf6 5. d3 d6 6. O-O b5 7. Bb3 g6 8. c3 Bg7
9. a4 Rb8 10. Na3 O-O 11. Nc2 d5 12. exd5 Nxd5 13. Bg5 Qd6 14. Re1 h6 15. Bh4
Nf4 16. d4 exd4 17. Ncxd4 Bg4 18. Bg3 Nxd4 19. cxd4 g5 20. h3 Bxf3 21. Qxf3 Qxd4
22. Rad1 Qxb2 23. Rd7 bxa4 24. Bxa4 Qb4 25. Re4 Qb1+ 26. Kh2 Ng6 27. Rxc7 Qf1
28. Bb3 Rbd8 29. Rxf7 Kh7 30. Re6 Nf4 31. Qe4+ Kg8 32. Rxf8+ Rxf8 33. Rxh6+ 1-0

[Event "Women's Speed Chess Q1"]
[Site "chess.com INT"]
[Date "2020.06.18"]
[Round "9"]
[White "Cyfka, Karina"]
[Black "Paramzina, Anastasya"]
[Result "1-0"]
[WhiteTitle "IM"]
[BlackTitle "WGM"]
[WhiteElo "2411"]
[BlackElo "2209"]
[WhiteFideId "1122681"]
[BlackFideId "4165012"]
[EventDate "2020.06.18"]

1. d4 Nf6 2. c4 g6 3. Nc3 Bg7 4. e4 d6 5. f3 O-O 6. Nge2 c5 7. d5 Nbd7 8. Be3
Ne5 9. Nc1 e6 10. Be2 exd5 11. cxd5 h5 12. Qd2 Nh7 13. O-O h4 14. h3 g5 15. a4
Ng6 16. Nd3 Bd4 17. Bxd4 cxd4 18. Nb5 f5 19. Qb4 fxe4 20. fxe4 Qe7 21. Qxd6 Qxe4
22. Bh5 Qe3+ 23. Kh1 Nf4 24. Nxf4 gxf4 25. Qg6+ Kh8 26. Nd6 Bxh3 27. Rf3 Bxg2+
28. Qxg2 Qe5 29. Nf7+ Rxf7 30. Bxf7 Rf8 31. Rg1 h3 32. Qg8+ 1-0

[Event "Women's Speed Chess Q1"]
[Site "chess.com INT"]
[Date "2020.06.18"]
[Round "9"]
[White "Monteiro, Sara Cristina da Silva"]
[Black "Zavivaeva, Evelina"]
[Result "1-0"]
[WhiteTitle "WCM"]
[BlackTitle "WCM"]
[WhiteElo "1709"]
[BlackElo "1619"]
[WhiteFideId "1909860"]
[BlackFideId "44127839"]
[EventDate "2020.06.18"]

1. d4 Nf6 2. Bg5 e6 3. Nf3 Be7 4. c4 b6 5. Nc3 Bb7 6. e3 O-O 7. Be2 Ne4 8. Bf4
Nf6 9. Qc2 d5 10. O-O Nbd7 11. cxd5 exd5 12. Rac1 c6 13. Rfd1 Re8 14. Bd3 Bf8
15. Bg5 h6 16. Bh4 Qc7 17. Re1 a6 18. Qd2 Qd6 19. Bb1 Ne4 20. Qc2 Qg6 21. Nd2
Nxd2 22. Qxd2 Qg4 23. Bg3 Nf6 24. f3 Qe6 25. e4 dxe4 26. Nxe4 Nxe4 27. Rxe4 Qd7
28. Qd3 Rad8 29. Rxe8 Rxe8 30. Qh7# 1-0

[Event "Women's Speed Chess Q1"]
[Site "chess.com INT"]
[Date "2020.06.18"]
[Round "9"]
[White "Belenkaya, Dina"]
[Black "Dordzhieva, Dinara"]
[Result "0-1"]
[WhiteTitle "WGM"]
[BlackTitle "WIM"]
[WhiteElo "2297"]
[BlackElo "2354"]
[WhiteFideId "24142654"]
[BlackFideId "24157570"]
[EventDate "2020.06.18"]

1. e4 c5 2. Nc3 d6 3. g3 g6 4. Bg2 Bg7 5. Nge2 Nc6 6. d3 e6 7. O-O Nge7 8. Bg5
h6 9. Be3 O-O 10. Qd2 Kh7 11. f4 b6 12. d4 Ba6 13. Rfd1 Qc7 14. d5 exd5 15. exd5
Na5 16. Bf2 Nc4 17. Qd3 Qc8 18. Qf3 Nxb2 19. Re1 Re8 20. Ne4 Qd7 21. Rab1 Nc4
22. N2c3 f5 23. Bf1 fxe4 24. Nxe4 Nf5 25. g4 Nd4 26. Qh3 Kg8 27. c3 Nc2 28. Re2
N4a3 29. Nf6+ Bxf6 30. Rxe8+ Rxe8 31. Bxa6 Nxb1 32. Qxh6 Qg7 33. Qh3 Nxc3 34.
Bd3 Ne2+ 35. Kf1 Nxf4 0-1

[Event "Women's Speed Chess Q1"]
[Site "chess.com INT"]
[Date "2020.06.18"]
[Round "9"]
[White "Kashlinskaya, Alina"]
[Black "Pham, Bich Ngoc"]
[Result "1-0"]
[WhiteTitle "IM"]
[BlackTitle "WIM"]
[WhiteElo "2494"]
[BlackElo "2235"]
[WhiteFideId "4198026"]
[BlackFideId "12401285"]
[EventDate "2020.06.18"]

1. d4 g6 2. e4 Bg7 3. Nc3 d6 4. Be3 Nc6 5. Nf3 h6 6. Qd2 e6 7. O-O-O Nf6 8. h3
a6 9. d5 Ne7 10. g4 b5 11. Bd3 b4 12. Ne2 exd5 13. exd5 Nfxd5 14. Bd4 O-O 15.
Bxg7 Kxg7 16. Be4 c6 17. Ned4 Qa5 18. Nxc6 Qxa2 19. Qd4+ Kh7 20. Nxe7 Nf4 21.
Rhe1 Rb8 22. Qxd6 Qa1+ 23. Kd2 Qxb2 24. Qxf4 Be6 25. Qe5 Rbd8+ 26. Bd3 Rxd3+ 27.
Kxd3 Rd8+ 28. Ke3 Qa3+ 29. Kf4 Rxd1 30. Rxd1 b3 31. Rd8 g5+ 32. Kg3 Qxe7 33.
Qh8+ Kg6 34. Ne5# 1-0

[Event "Women's Speed Chess Q1"]
[Site "chess.com INT"]
[Date "2020.06.18"]
[Round "9"]
[White "Li, Xueyi"]
[Black "Nithyalakshmi, Sivanesan"]
[Result "1-0"]
[WhiteTitle "WGM"]
[BlackTitle "WCM"]
[WhiteElo "2328"]
[BlackElo "1945"]
[WhiteFideId "8605912"]
[BlackFideId "5706955"]
[EventDate "2020.06.18"]

1. d4 Nf6 2. c4 g6 3. g3 d5 4. cxd5 Nxd5 5. e4 Nb6 6. Bg2 Bg7 7. Ne2 c5 8. d5
O-O 9. O-O e6 10. Nbc3 exd5 11. exd5 Na6 12. b3 Nb4 13. Be3 Na6 14. Rc1 Bf5 15.
d6 Qd7 16. Nf4 Rfd8 17. Qd2 Rab8 18. Rfd1 Be5 19. Nfd5 Qxd6 20. Bg5 f6 21. Nb5
Qf8 22. Qe2 Bd4 23. Ne7+ Kg7 24. Nxf5+ gxf5 25. Nxd4 cxd4 26. Bf4 Rbc8 27. Bxb7
Rxc1 28. Rxc1 Nc5 29. Bg2 d3 30. Qh5 Kh8 31. Qxf5 Na6 32. Bd2 Qd6 33. h4 Re8 34.
Bc3 Re6 35. Bh3 d2 36. Rd1 Re2 37. Bxf6+ Kg8 38. Qg4+ 1-0

[Event "Women's Speed Chess Q1"]
[Site "chess.com INT"]
[Date "2020.06.18"]
[Round "9"]
[White "Sviridova, Vlada"]
[Black "Zvereva, Margarita"]
[Result "1-0"]
[WhiteTitle "WFM"]
[BlackTitle "WFM"]
[WhiteElo "2144"]
[BlackElo "1929"]
[WhiteFideId "24109606"]
[BlackFideId "34177741"]
[EventDate "2020.06.18"]

1. d4 d5 2. c4 e6 3. Nf3 Nf6 4. Nc3 Nbd7 5. Bf4 c6 6. e3 dxc4 7. Bxc4 Nb6 8. Bb3
Bd6 9. Bxd6 Qxd6 10. O-O O-O 11. e4 Qe7 12. e5 Nfd5 13. Ne4 Nf4 14. Qd2 Nbd5 15.
g3 Ng6 16. h4 Rd8 17. h5 Nf8 18. Kg2 b6 19. Rac1 Bb7 20. Bxd5 cxd5 21. Nd6 Ba6
22. Rh1 f6 23. Rc6 fxe5 24. dxe5 Nd7 25. Rc7 Qf8 26. Qg5 Bd3 27. h6 g6 28. Rh4
Bf5 29. Rf4 Nc5 30. Rg7+ Qxg7 31. hxg7 Kxg7 32. Qf6+ Kg8 33. Qf7+ Kh8 34. Ng5
Rd7 35. Qf6+ Kg8 36. Ngf7 1-0

[Event "Women's Speed Chess Q1"]
[Site "chess.com INT"]
[Date "2020.06.18"]
[Round "9"]
[White "Arabidze, Meri"]
[Black "Antova, Gabriela"]
[Result "1-0"]
[WhiteTitle "IM"]
[BlackTitle "FM"]
[WhiteElo "2428"]
[BlackElo "2255"]
[WhiteFideId "13604040"]
[BlackFideId "2915235"]
[EventDate "2020.06.18"]

1. d4 d5 2. c4 e6 3. Nf3 Nf6 4. Nc3 c6 5. e3 Nbd7 6. Qc2 Bd6 7. Be2 O-O 8. O-O
dxc4 9. a4 e5 10. Bxc4 Qe7 11. h3 Bc7 12. dxe5 Nxe5 13. Nxe5 Qxe5 14. f4 Qc5 15.
Bd3 Bd7 16. b4 Qe7 17. e4 h6 18. e5 Bb6+ 19. Kh2 Nd5 20. Nxd5 cxd5 21. b5 Rac8
22. Qd2 Rfe8 23. Ba3 Qh4 24. Rae1 d4 25. Bd6 Rc3 26. f5 Qg5 27. Qd1 a6 28. f6
axb5 29. axb5 Ra8 30. Rf3 h5 31. Rg3 Qf4 32. Rf1 Qxg3+ 33. Kxg3 Bxb5 34. Rf3 Bc6
35. Qd2 Bxf3 36. Qg5 g6 37. Qh6 1-0

[Event "Women's Speed Chess Q1"]
[Site "chess.com INT"]
[Date "2020.06.18"]
[Round "9"]
[White "Castillo Pena, Patricia Evarista"]
[Black "Sedina, Elena"]
[Result "0-1"]
[WhiteTitle "WCM"]
[BlackTitle "IM"]
[WhiteElo "1770"]
[BlackElo "2299"]
[WhiteFideId "6412106"]
[BlackFideId "812153"]
[EventDate "2020.06.18"]

1. d4 d5 2. Nf3 Nf6 3. e3 Bf5 4. c4 c6 5. Nc3 e6 6. Qb3 Qc7 7. Bd2 Nbd7 8. Rc1
Nb6 9. cxd5 exd5 10. Be2 Be7 11. O-O O-O 12. Nh4 Be6 13. Nf3 Ne4 14. Rfd1 Nxd2
15. Nxd2 Qd7 16. Qc2 Bf5 17. Bd3 Bxd3 18. Qxd3 Bd6 19. Nf3 Rae8 20. b3 f5 21.
Ne2 Qe7 22. Rc2 Nd7 23. Rdc1 g5 24. g3 Kh8 25. Kg2 f4 26. exf4 gxf4 27. Re1 Qe4
28. Qxe4 dxe4 29. Ne5 Bxe5 30. dxe5 f3+ 31. Kg1 fxe2 32. Rcxe2 Nxe5 33. Rxe4
Nf3+ 0-1

[Event "Women's Speed Chess Q1"]
[Site "chess.com INT"]
[Date "2020.06.18"]
[Round "9"]
[White "Cagara, Paulina"]
[Black "Grigoryan, Meri"]
[Result "0-1"]
[BlackTitle "WFM"]
[WhiteElo "2054"]
[BlackElo "2044"]
[WhiteFideId "1124870"]
[BlackFideId "13300571"]
[EventDate "2020.06.18"]

1. e4 e5 2. Nf3 Nc6 3. c3 d5 4. Qa4 dxe4 5. Nxe5 Qd5 6. Nxc6 bxc6 7. Bc4 Qc5 8.
d4 Qd6 9. O-O Nf6 10. b3 Ng4 11. g3 Bd7 12. Be2 h5 13. Ba3 Qg6 14. Bxf8 Kxf8 15.
Qb4+ Kg8 16. Qe7 Nf6 17. Nd2 Re8 18. Qc5 h4 19. Rae1 hxg3 20. fxg3 Qh6 21. Rf2
Qxd2 22. Ref1 e3 23. Rg2 Bh3 24. Qxc6 Bxg2 25. Qxg2 Qxc3 26. d5 Qe5 27. Rd1 Ne4
28. Qf3 Nc3 29. Rf1 Nxe2+ 30. Qxe2 Qxd5 31. b4 Qd2 32. Qf3 Qxh2# 0-1

[Event "Women's Speed Chess Q1"]
[Site "chess.com INT"]
[Date "2020.06.18"]
[Round "9"]
[White "Toncheva, Nadya"]
[Black "Balabayeva, Xeniya"]
[Result "0-1"]
[WhiteTitle "WFM"]
[BlackTitle "WFM"]
[WhiteElo "2064"]
[BlackElo "2146"]
[WhiteFideId "2924056"]
[BlackFideId "13719688"]
[EventDate "2020.06.18"]

1. e4 e6 2. d4 d5 3. Nd2 c5 4. exd5 Qxd5 5. Ngf3 cxd4 6. Bc4 Qd6 7. O-O Nc6 8.
Nb3 Nf6 9. Nbxd4 Nxd4 10. Nxd4 a6 11. c3 Be7 12. Re1 O-O 13. Be3 Qc7 14. Bd3 Bd7
15. Bc2 Rad8 16. Qf3 Nd5 17. Bd2 Bf6 18. Qe4 g6 19. Rad1 Bg7 20. Bg5 Rde8 21. h4
Nb6 22. h5 e5 23. Ne2 Bf5 24. Qb4 Bxc2 25. Rd2 Bf5 26. g4 Be6 27. h6 Bh8 28. b3
Nd5 29. Qe4 f6 30. Bh4 Ne7 31. Nf4 Bf7 32. Nd3 Nc6 33. Red1 Rd8 34. Nc5 Rxd2 35.
Rxd2 Rd8 36. Rxd8+ Qxd8 37. c4 Qe7 38. Nxa6 Nd4 39. Nb8 Qc7 40. Na6 Qc8 41. Nb4
f5 42. g5 fxe4 0-1

[Event "Women's Speed Chess Q1"]
[Site "chess.com INT"]
[Date "2020.06.18"]
[Round "9"]
[White "Buksa, Nataliya"]
[Black "Afonasieva, Anna"]
[Result "1-0"]
[WhiteTitle "IM"]
[BlackTitle "WIM"]
[WhiteElo "2410"]
[BlackElo "2274"]
[WhiteFideId "14123622"]
[BlackFideId "24173606"]
[EventDate "2020.06.18"]

1. d4 d5 2. Nc3 Nf6 3. Bf4 a6 4. e3 c5 5. Nf3 e6 6. dxc5 Bxc5 7. Bd3 Nc6 8. O-O
O-O 9. e4 h6 10. exd5 exd5 11. h3 Be6 12. Ne2 Ne4 13. c3 Re8 14. Ned4 Qb6 15.
Qb3 Nxd4 16. cxd4 Bxd4 17. Nxd4 Qxd4 18. Be3 Qf6 19. Bxe4 dxe4 20. Qxb7 Rab8 21.
Qxa6 Rxb2 22. a4 Rc2 23. Rfd1 Rec8 24. a5 Qb2 25. Qd6 R2c6 26. Qf4 Bb3 27. Rdb1
Qc3 28. a6 Bc2 29. Rc1 Qb2 30. a7 Ra8 31. Ra5 Qb7 32. Qe5 Bd3 33. Rxc6 Qxc6 34.
Qb8+ Kh7 35. Rc5 Qe8 36. Qb7 Qd8 37. Rc7 Ba6 38. Qb6 f6 39. Qc5 Bb5 40. Rb7 Bd7
41. Qd6 Bc6 42. Qxc6 Qd1+ 43. Kh2 1-0

[Event "Women's Speed Chess Q1"]
[Site "chess.com INT"]
[Date "2020.06.18"]
[Round "9"]
[White "Arakhamia-Grant, Ketevan"]
[Black "Franco Valencia, Angela"]
[Result "0-1"]
[WhiteTitle "GM"]
[BlackTitle "WIM"]
[WhiteElo "2380"]
[BlackElo "2089"]
[WhiteFideId "13600168"]
[BlackFideId "4403070"]
[EventDate "2020.06.18"]

1. e4 e5 2. Nf3 Nc6 3. Bb5 a6 4. Ba4 d6 5. c3 f5 6. d3 Nf6 7. Nbd2 Be7 8. O-O
O-O 9. Bb3+ Kh8 10. exf5 Bxf5 11. Ng5 d5 12. d4 e4 13. Re1 h6 14. Nh3 Bxh3 15.
gxh3 Qd7 16. Re3 Qf5 17. Nf1 Nh5 18. Qe2 Nf4 19. Qg4 Nxh3+ 20. Qxh3 Qxf2+ 21.
Kh1 Qxf1+ 22. Qxf1 Rxf1+ 23. Kg2 Raf8 24. Bxd5 Bg5 25. Rxe4 Bxc1 26. Re2 Rd1 27.
Bf3 Na5 28. b3 Rd3 29. Bxb7 Rxc3 30. Bxa6 Nc6 31. d5 Nd4 32. Re4 Rc2+ 33. Kg3
Nf5+ 34. Kh3 Nd6 35. Re2 Rxe2 36. Bxe2 Bf4 37. a4 Re8 38. Bf3 g5 39. a5 Ra8 0-1

[Event "Women's Speed Chess Q1"]
[Site "chess.com INT"]
[Date "2020.06.18"]
[Round "9"]
[White "Starosta, Martyna"]
[Black "Fernandez, Maria Florencia"]
[Result "0-1"]
[WhiteTitle "WCM"]
[BlackTitle "WIM"]
[WhiteElo "2079"]
[BlackElo "2229"]
[WhiteFideId "21818754"]
[BlackFideId "116459"]
[EventDate "2020.06.18"]

1. e4 d6 2. d4 Nf6 3. Nc3 g6 4. Be3 Bg7 5. Qd2 c6 6. f3 b5 7. h4 b4 8. Nce2 a5
9. g4 Qc7 10. h5 Nbd7 11. hxg6 hxg6 12. Rxh8+ Bxh8 13. Nf4 c5 14. g5 Nh5 15.
Nxh5 gxh5 16. Nh3 cxd4 17. Bxd4 Bxd4 18. Qxd4 Qxc2 19. Qh8+ Nf8 20. g6 fxg6 21.
Nf4 Kf7 22. b3 Ba6 23. Bxa6 Rxa6 24. Nd5 Rc6 25. Nxe7 Kxe7 26. Qg7+ Ke8 27. Qb7
Qc3+ 28. Kf2 Qb2+ 29. Kg3 Qe5+ 30. Kh3 Rc2 31. Qb8+ Kf7 32. Qb7+ Kg8 33. Qd5+
Qxd5 34. exd5 Nd7 35. Rg1 Kg7 36. f4 Kf6 37. f5 Kxf5 38. Rf1+ Ke5 39. Rf7 Nf6
40. Rf8 Nxd5 41. Re8+ Kd4 42. Re6 Rxa2 43. Rxg6 Nf4+ 0-1